000 00536nam a2200193Ia 4500
005 20250508161758.0
008 008 250505s9999 xx 000 0 eng d
037 _aTextual
040 _aFEDL
_beng
_cFEDL
041 _aeng
_2eng
084 _a155.25, FIN
_qFEDL
100 _aFink Davi Harold
_9771536
245 0 _aFor people under pressure
260 _aLondon, UK
_bGeorge Allen and Unwin Ltd.
_c1957
300 _axi,248p
650 _aPersonality
942 _cTEXL
_h155.25, FIN
999 _c1372147
_d1372147